000 00220nam a22001097a 4500
020 _a0-7497-1245-7
082 _a823
_bCOL/S
100 _aCOLE, BABETTE
245 _aSUPERMOO
650 _aENGLISH SHORT STORY
942 _cBK
999 _c3272
_d3272